| 000 | 01659nam a2200253 a 4500 | ||
|---|---|---|---|
| 008 | 190821s2015 ||||||||||||||||| || u | ||
| 020 | _a9781259253133 | ||
| 050 | _aTK 7874 Fra | ||
| 100 | _aFranco, Sergio | ||
| 245 | 1 | 0 |
_aDesign with operational amplifiers and analog integrated circuits. (4th edition) _cBy Sergio Franco |
| 250 | _a4th edition | ||
| 260 |
_aNew York _bMcGraw-Hill Education _c2015 |
||
| 300 | _axv, 715 pages : illustrations | ||
| 350 | _a40.00 | ||
| 650 | _aOPERATIONAL AMPLIFIERS | ||
| 650 | _aLINEAR INTEGRATED CUIRCUITS | ||
| 995 |
_FCBU-MPIKA LIBRARY _I40.00 _M5 _UAVAILABLE _WNov 21, 2019 _ZShort Loan Collection |
||
| 995 |
_FCBU-MAIN LIBRARY (Kitwe) _I40.00 _M6 _UAVAILABLE _WNov 21, 2019 _ZShort Loan Collection |
||
| 995 |
_FCBU-MPIKA LIBRARY _I40.00 _M7 _UAVAILABLE _WNov 21, 2019 _ZShort Loan Collection |
||
| 995 |
_FCBU-MAIN LIBRARY (Kitwe) _I40.00 _M4 _UAVAILABLE _WAug 22, 2019 _ZMain Library Open Access Collection |
||
| 995 |
_FCBU-MAIN LIBRARY (Kitwe) _I40.00 _M2 _UAVAILABLE _WAug 22, 2019 _ZMain Library Open Access Collection |
||
| 995 |
_FCBU-MAIN LIBRARY (Kitwe) _I40.00 _M3 _UAVAILABLE _WAug 22, 2019 _ZMain Library Open Access Collection |
||
| 995 |
_FCBU-MAIN LIBRARY (Kitwe) _I40.00 _M1 _UAVAILABLE _WAug 22, 2019 _ZMain Library Open Access Collection |
||
| 999 |
_c62468 _d62468 |
||